|
|
|
|
| LEADER |
01369nam a2200229 a 4500 |
| 001 |
33730 |
| 003 |
BD-DhAAL |
| 005 |
20180917110056.0 |
| 008 |
180916t2018 bg s l000 0 ben |
| 999 |
|
|
|c 40015
|d 40015
|
| 040 |
|
|
|a DB-DhAAL
|c DB-DhAAL
|
| 082 |
0 |
0 |
|a 354.5492072253
|
| 245 |
0 |
0 |
|a বাৎসরিক বাজেট ২০১৮-১৯ :
|b বিস্তারিত বাজেট (উন্নয়ন) /
|c অর্থ বিভাগ, অর্থ মন্ত্রণালয়, গণপ্রজাতন্ত্রী বাংলাদেশ সরকার
|
| 260 |
|
|
|a ঢাকা :
|b গণপ্রজাতন্ত্রী বাংলাদেশ সরকার,
|c ২০১৮
|
| 300 |
|
|
|a ৭১৫পৃষ্ঠা ;
|b চিএ :
|c ২৭ সে.মি.
|
| 526 |
|
|
|a AAL
|
| 541 |
|
|
|a Development Book Agency
|e 33730
|
| 650 |
|
0 |
|a Budget
|z Bangladesh
|v Statistics
|v Periodicals.
|9 1774
|
| 710 |
2 |
|
|a গণপ্রজাতন্ত্রী বাংলাদেশ সরকার,
|b অর্থ বিভাগ, অর্থ মন্ত্রণালয়
|9 1775
|
| 852 |
1 |
|
|a Ayesha Abed Library
|c General Stacks
|
| 942 |
|
|
|2 ddc
|c BK
|
| 952 |
|
|
|0 0
|1 0
|2 ddc
|4 0
|6 354_549207225300000_BAT
|7 0
|9 64299
|a BRACUL
|b BRACUL
|c GEN
|d 2018-08-28
|e Development Book Agency
|g 200.00
|l 0
|o 354.5492072253 BAT
|p 3010033730
|r 2018-08-28
|t 1
|v 200.00
|w 2018-08-28
|y BK
|